000
00213nam a2200097Ia 4500
005
20251222114358.0
008
251222s1900||||xx |||||||||||||| ||spa||
082
_a
DVD0050/B28/2005
245
0
_a
La isla:
942
_c
DVD
999
_c
1540
_d
1540